|
|
|
|
| LEADER |
00000cam a2200000 4500 |
| 001 |
vtls012135304 |
| 003 |
SK-MaSNL |
| 005 |
20260302062351.0 |
| 008 |
220517s2022 xo a b 000 j slo |
| 015 |
|
|
|a SNBA2022/07
|
| 020 |
|
|
|a 9788056626603
|q (viazané)
|
| 040 |
|
|
|a SNK
|b slo
|c SNK
|e rda
|
| 041 |
1 |
|
|a slo
|h ger
|
| 044 |
|
|
|a xo
|c SK
|
| 072 |
|
7 |
|a 821.112.2-3
|x Nemecká próza, nemecky písaná
|2 konspekt
|
| 072 |
|
7 |
|a 821-93
|x Literatúra pre deti a mládež (beletria)
|2 konspekt
|
| 080 |
|
|
|a 821.112.2(436)-32
|2 2011
|
| 080 |
|
|
|a 82-93-053.4/.5
|2 2011
|
| 080 |
|
|
|a (0:82-322.4)
|2 2011
|
| 100 |
1 |
|
|a Brezina, Thomas,
|d 1963-
|4 aut
|9 86112
|
| 240 |
1 |
4 |
|a Ein Fall für dich und das Tiger-Team: Feuerauge - streng geheim!
|l Slovensky
|
| 245 |
1 |
0 |
|a Prípad pre teba a Tigrí tím
|p Ohnivé oko - prísne tajné!
|c Thomas C. Brezina ; ilustrovali Naomi Fearnová a Lorna Eganová ; z nemeckého originálu Ein Fall für dich und das Tiger-Team: Feuerauge - streng geheim! ... preložila Katarína Šmidtová
|
| 246 |
3 |
0 |
|a Ohnivé oko - prísne tajné!
|
| 250 |
|
|
|a Prvé slovenské vydanie
|
| 260 |
|
|
|a Bratislava
|b Fragment
|c 2022
|
| 300 |
|
|
|a 116 strán
|b ilustrácie
|c 19 cm
|e 1 plastová lupa
|
| 336 |
|
|
|a text
|b txt
|2 rdacontent
|
| 336 |
|
|
|a statický obraz
|b sti
|2 rdacontent
|
| 336 |
|
|
|a trojrozmerná forma
|b tdf
|2 rdacontent
|
| 337 |
|
|
|a bez média
|b n
|2 rdamedia
|
| 338 |
|
|
|a zväzok
|b nc
|2 rdacarrier
|
| 338 |
|
|
|a objekt
|b nr
|2 rdacarrier
|
| 490 |
1 |
|
|a Tigrí tím
|
| 500 |
|
|
|a Vydalo vydavateľstvo Fragment v Bratislave v spoločnosti Albatros Media Slovakia, s.r.o.
|
| 500 |
|
|
|a Obsahuje stručné biografické údaje o autorovi
|
| 521 |
8 |
|
|a Pre čitateľov od 9 rokov
|
| 655 |
|
7 |
|a rakúske príbehy
|2 SNKPH
|9 70624
|
| 655 |
|
7 |
|a detektívne príbehy
|2 SNKPH
|9 74163
|
| 655 |
|
7 |
|a literatúra pre deti
|2 SNKPH
|9 87135
|
| 655 |
|
7 |
|a Austrian stories
|2 SNKPHeng
|9 327422
|
| 655 |
|
7 |
|a Detective stories
|2 SNKPHeng
|9 286268
|
| 655 |
|
7 |
|a Children's literature
|2 SNKPHeng
|9 276039
|
| 700 |
1 |
|
|a Fearn, Naomi,
|d 1976-
|4 ill
|9 189788
|
| 700 |
1 |
|
|a Šmidtová, Katarína
|4 trl
|9 75862
|
| 700 |
1 |
|
|a Egan, Lorna,
|d 1981-
|4 ill
|9 217054
|
| 710 |
2 |
|
|a Albatros Media Slovakia.
|b Fragment
|4 pbl
|9 193328
|
| 830 |
|
0 |
|a Tigrí tím
|9 327423
|
| 919 |
|
|
|a 978-80-566-2660-3
|
| 954 |
|
|
|a beletria cudzojazyčná (svetová)
|2 lita
|
| 958 |
|
|
|a LX
|
| 958 |
|
|
|a UP
|
| 958 |
|
|
|a DB
|
| 968 |
|
|
|b DT
|
| 999 |
|
|
|c 1129012
|d 1130942
|
| 952 |
|
|
|a SNK
|b SNK
|y PREZ
|7 0
|p 17A1483904
|o snkSD 90801
|i snk2022/9142
|8 0
|3 Dokument obsahuje 1 voľnú prílohu - plastovú lupu
|0 0
|1 0
|4 0
|d 2022-06-07
|f 1
|l 0
|r 2026-02-24 18:56:37
|w 2026-02-24
|
| 952 |
|
|
|a SNK
|b SNK
|y PREZ
|7 0
|p 17A1483906
|o snkSD 90801 D1
|i snk2022/9143
|8 0
|3 Dokument obsahuje 1 voľnú prílohu - plastovú lupu
|0 0
|1 0
|4 0
|d 2022-06-07
|l 0
|r 2026-02-24 18:56:37
|w 2026-02-24
|
| 952 |
|
|
|a SNK
|b SNK
|y PREZ
|7 0
|p 17A1483905
|o snkSD 90801/príl.
|i snk2022/9142
|8 0
|z príloha: 1 plastová lupa
|0 0
|1 0
|4 0
|d 2022-06-07
|f 1
|l 0
|r 2026-02-24 18:56:37
|w 2026-02-24
|
| 952 |
|
|
|a SNK
|b SNK
|y PREZ
|7 0
|p 17A1483907
|o snkSD 90801/príl. D1
|i snk2022/9143
|8 0
|z príloha: 1 plastová lupa
|0 0
|1 0
|4 0
|d 2022-06-07
|l 0
|r 2026-02-24 18:56:37
|w 2026-02-24
|